000 00766nam a22002412 4500
001 0000020240
005 20151217152210.0
008 110905s xx 000 0 eng d
020 _a0849381713 :
040 _aKABU
_cKABU
245 1 0 _aHandbook of prebiotics /
_cedited by Glenn R. Gibson, Marcel B. Roberfroid.
250 _a1st ed.
260 _aLondon :
_bCRC Press,
_c2008.
300 _axvii, 485 p.
650 0 _aPrebiotics.
_@0000180326
650 0 _aIntestines
_xMicrobiology.
_@0000180327
650 0 _aColon (Anatomy)
_xMicrobiology.
_@0000180328
700 1 _aGibson, Glenn R.
_@0000180329
700 1 _aRoberfroid, Marcel B.
_@0000180330
852 1 _9p15300 KES
908 _a110905
950 _@1
999 _c9228
_d9228